El tractor / (Record no. 25300)

MARC details
000 -LEADER
campo de control de longitud fija 00642nam a2200205 i 4500
001 - NÚMERO DE CONTROL
campo de control 25300
003 - IDENTIFICADOR DE NÚMERO DE CONTROL
campo de control ES-MaACL
005 - FECHA Y HORA DE LA ÚLTIMA TRANSACCIÓN
campo de control 20230906153231.0
007 - CAMPO FIJO DE DESCRIPCIÓN FÍSICA--INFORMACIÓN GENERAL
campo de control de longitud fija t|
008 - DATOS DE LONGITUD FIJA--INFORMACIÓN GENERAL
campo de control de longitud fija 021223s1949 sp ||||1| spa d
100 1# - ENTRADA PRINCIPAL--NOMBRE DE PERSONA
Nombre de persona Aranda Heredia, Eladio.
9 (RLIN) 22287
245 13 - MENCIÓN DEL TÍTULO
Título El tractor /
Mención de responsabilidad, etc. por Eladio Aranda Heredia.
250 ## - MENCION DE EDICION
Mención de edición 2ª ed.
260 ## - PUBLICACIÓN, DISTRIBUCIÓN, ETC.
Lugar de publicación, distribución, etc. Madrid :
Nombre del editor, distribuidor, etc. Manuel Marín y G. Campo,
Fecha de publicación, distribución, etc. 1949 (
Fabricante Gráf. Modernas)
300 ## - DESCRIPCIÓN FÍSICA
Extensión 330 p. :
Otras características físicas il. ;
Dimensiones 16 cm.
490 1# - MENCIÓN DE SERIE
Mención de serie Fuentes de riqueza. Biblioteca agropecuaria
830 0# - PUNTO DE ACCESO ADICIONAL DE SERIE-TÍTULO UNIFORME
Título uniforme Fuentes de riqueza. Biblioteca agropecuaria
9 (RLIN) 182617
852 ## - LOCALIZACIÓN
Ubicación ES-MaACL
Número de control de estantería D-5757
Sublocalización o colección R.26573
Holdings
Estatus retirado Estado de pérdida Estado de daño No para préstamo Biblioteca de origen Biblioteca actual Ubicación en estantería Fecha de adquisición Fuente de adquisición Total de préstamos Signatura topográfica completa Código de barras Visto por última vez Precio de reemplazo Tipo de ítem Koha
        Biblioteca del Ateneo de Madrid Biblioteca del Ateneo de Madrid Sala Valle Inclán 17/01/2008     D-5757 901026084 23/02/2023 23/02/2023 Libro impreso